000 00377nam a2200145Ia 4500
008 240624s9999 xx 000 0 und d
041 _aeng
082 _a332.1 BUR
100 _aBURTON MAUREEN
245 _aFINANCIAL SYSTEM AND THE ECONOMY PRINCIP
250 _a(5th ed.)
260 _c2009
_aNew Delhi
_bPHI Learning
300 _axxii, : 686 : p. : cm. ; 25
365 _cRS
999 _c24170
_d24170